| 000 | 01257cam a22003374a 4500 | ||
|---|---|---|---|
| 001 | 6705 | ||
| 003 | FISKH | ||
| 005 | 20250521122354.0 | ||
| 008 | 080226s2007 nyua j 001 0 eng | ||
| 010 | _a 2008270447 | ||
| 020 | _a9780756634971 (hbk.) | ||
| 020 | _a9780756634964 | ||
| 020 | _a9780756634964 (pbk.) | ||
| 040 |
_aDLC _cDLC _dDLC _beng |
||
| 050 | _aPN6725 .M35 | ||
| 082 | _a 741.5 | ||
| 100 | 1 | _aManning, Matthew K. | |
| 245 | 1 | 0 |
_aGreatest battles / _cwritten by Matthew K. Manning. |
| 260 |
_aNew York : _bDK Publishing, _c2007. |
||
| 300 |
_a48 pages : _bcolor illustrations ; _c23 cm |
||
| 490 | 1 |
_aDK readers. _aProficient readers |
|
| 500 | _a"Marvel heroes." | ||
| 500 | _aIncludes index. | ||
| 520 | _aWhen Super Heroes battle their foes they need to put their amazing powers into practice. Learn exactly what happens when our heroes come up against deadly enemies in the battle to fight crime and evil. | ||
| 650 | 0 |
_aScience fiction comic books, strips, etc. _zUnited States _vMiscellanea _vJuvenile literature. |
|
| 650 | 0 |
_aBattles in literature _vJuvenile literature. |
|
| 650 | 0 |
_aBattles in art _vJuvenile literature. |
|
| 906 |
_a0 _bibc _corignew _d2 _encip _f20 _gy-gencatlg |
||
| 942 |
_2ddc _cBK _n0 |
||
| 999 |
_c6705 _d6705 |
||